Normal view
MARC view
- Herbert H. Hyman
Entry Personal Name
001 - CONTROL NUMBER
- control field: 23738
003 - CONTROL NUMBER IDENTIFIER
- control field: NUST
005 - DATE AND TIME OF LATEST TRANSACTION
- control field: 20191014124813.0
008 - FIXED-LENGTH DATA ELEMENTS
- fixed length control field: 191014|| aca||aabn | a|a d
040 ## - CATALOGING SOURCE
- Original cataloging agency: NUST
- Transcribing agency: NUST
100 ## - HEADING--PERSONAL NAME
- Personal name: Herbert H. Hyman
670 ## - SOURCE DATA FOUND
- Source citation: Work cat.: (NUST): Herbert H. Hyman, Seconday Analysis of Sample Surveys Principles Procedures and Potentialities, 1972
